000 00293nam a22001337a 4500
008 170622b xxu||||| |||| 00| 0 eng d
020 _a9789990955118
041 _aeng
080 _a32
100 _a21
101 _aSHP
245 _aKNOWLEDGE AND DIPLOMACY
_cKURBALIJA,J
942 _2udc
_cBK
999 _c18798
_d18798